Name the City Based on Airport Map #1 - Statistics

General Stats
  • This quiz has been taken 16 times
  • The average score is 6 of 14
Answer Stats
Picture Answer % Correct
New York
100%
Chicago
81%
Paris
81%
Tokyo
81%
Doha
56%
Toronto
44%
Las Vegas
38%
Orlando
38%
Rome
31%
Cape Town
19%
Copenhagen
19%
New Delhi
19%
Seoul
19%
Reykjavik
13%
No matching quizzes found
Score Distribution
Percent of People with Each Score
Percentile by Number Answered
Your Score History
You have not taken this quiz